أبناؤنا وأسباب النجاح / (Record no. 12533)
[ view plain ]
| 000 -LEADER | |
|---|---|
| fixed length control field | 00749nam a22001577a 4500 |
| 008 - FIXED-LENGTH DATA ELEMENTS--GENERAL INFORMATION | |
| fixed length control field | 090804t xxu||||| |||| 00| 0 eng d |
| 020 ## - INTERNATIONAL STANDARD BOOK NUMBER | |
| International Standard Book Number | 9770186139 |
| 082 ## - DEWEY DECIMAL CLASSIFICATION NUMBER | |
| Classification number | 649.1 |
| Item number | ب ي ن |
| 245 ## - TITLE STATEMENT | |
| Title | أبناؤنا وأسباب النجاح / |
| Statement of responsibility, etc | تأليف ييترل بينسول؛ اعداد على عفيفى |
| 260 ## - PUBLICATION, DISTRIBUTION, ETC. (IMPRINT) | |
| Place of publication, distribution, etc | القاهرة: |
| Name of publisher, distributor, etc | الهيئة المصرية العامة للكتاب، |
| Date of publication, distribution, etc | 2003 |
| 300 ## - PHYSICAL DESCRIPTION | |
| Extent | 209 ؛ ص |
| Dimensions | 19 سم |
| 490 ## - Series Statement | |
| Series statement | الأعمال الخاصة |
| 650 ## - SUBJECT ADDED ENTRY--TOPICAL TERM | |
| 9 (RLIN) | 8355 |
| Topical term or geographic name as entry element | الأطفال |
| General subdivision | -- تربية |
| 942 ## - ADDED ENTRY ELEMENTS (KOHA) | |
| Source of classification or shelving scheme | Dewey Decimal Classification |
| Item type | Book - Borrowing |
| Withdrawn status | Item status | Source of classification or shelving scheme | Damaged status | Not for loan | Vendor | Home library | Current library | Shelving location | Date acquired | Source of acquisition | Total Checkouts | Total Renewals | Full call number | Barcode | Date last seen | Date last borrowed | Koha item type |
|---|---|---|---|---|---|---|---|---|---|---|---|---|---|---|---|---|---|
| Dewey Decimal Classification | Alef-Baa | Central Library | Central Library | First floor | 04/08/2009 | 4 | 3 | 649.1 أبن | 000017646 | 15/07/2025 | 25/12/2018 | Book - Borrowing |